000 00532nam a22002057a 4500
005 20231031123717.0
008 230901b |||||||| |||| 00| 0 eng d
020 _a9780072563400
082 _a150
_bPET-P
100 _aPeterson, Elsa
245 _aPsychology :
_bThe Science of Mind and Behavior
250 _a2nd ed.
260 _aIndia
_bMcGraw-Hill
_c2004
300 _a372
500 _aIncluide index
650 _aPsychology/Social Sciences
700 _aMichael W.Passer
700 _aRonald E. Smith
999 _c33380
_d33380